000 00433nam a22001457a 4500
003 macl
005 20200205164951.0
008 200205b xxu||||| |||| 00| 0 eng d
040 _cmacl
100 _aअरोरा रेखा
_97671
245 _aमहामानव
260 _aदिल्‍ली
_bआधुनिक शब्‍दशिल्‍पी
_c2016
650 _aजीवनी
_97943
942 _2ddc
_cHIN
999 _c61954
_d61954